Online
Catalog

Morfosintaxis funcional del español : (Record no. 404)

MARC details
000 -CABECERA
campo de control de longitud fija 01681nam a2200301 a 4500
001 - NÚMERO DE CONTROL
campo de control 000000406
005 - FECHA Y HORA DE LA ÚLTIMA TRANSACCIÓN
campo de control 20200929145335.0
008 - DATOS DE LONGITUD FIJA--INFORMACIÓN GENERAL
campo de control de longitud fija 081028s2006 dr a r 000 0 spa d
020 ## - NÚMERO INTERNACIONAL ESTÁNDAR DEL LIBRO
Número Internacional Estándar del Libro 8492243503
040 ## - FUENTE DE LA CATALOGACIÓN
Centro catalogador/agencia de origen DO-SdBNP
Lengua de catalogación spa
Centro/agencia transcriptor BNPHU
082 ## - NÚMERO DE LA CLASIFICACIÓN DECIMAL DEWEY
Número de clasificación 465
Número de documento/Ítem G216m, 2006
100 1# - ENTRADA PRINCIPAL--NOMBRE DE PERSONA
Nombre de persona García, Bartolo
9 (RLIN) 1360
245 10 - MENCIÓN DE TÍTULO
Título Morfosintaxis funcional del español :
Resto del título teoría-análisis-producción /
Mención de responsabilidad, etc. Bartolo García, Rafael Núñez, Julio de los Santos.
250 ## - MENCIÓN DE EDICIÓN
Mención de edición 6a ed.
260 ## - PUBLICACIÓN, DISTRIBUCIÓN, ETC.
Lugar de publicación, distribución, etc. Santo Domingo :
Nombre del editor, distribuidor, etc. Surco,
Fecha de publicación, distribución, etc. 2006.
300 ## - DESCRIPCIÓN FÍSICA
Extensión 351 p. :
Otras características físicas il. ;
Dimensiones 22 cm.
504 ## - NOTA DE BIBLIOGRAFÍA, ETC.
Nota de bibliografía, etc. Bibliografía : p. 347-351
505 0# - NOTA DE CONTENIDO CON FORMATO
Título Prefacio --
-- Nota a la cuarta edición --
-- Capítulo introductorio --
-- Lingüística y visión de la lengua --
Información miscelánea Primera parte:
Título morfología --
-- Morfología y sintáxis y las demás disciplinas de la lingüística --
-- Categorías formales --
-- Relación significante-significado --
-- El morfema --
-- Morfología verbal --
Información miscelánea Segunda parte:
Título análisis de la oración simple --
-- La oración --
-- El sujeto --
-- El predicado --
-- Visión holística del análisis sintáctico --
Información miscelánea Tercera parte:
Título análisis de la oración compuesta --
-- Oraciones y proposiciones --
-- Proposiciones coordinadas --
-- Proposiciones subordinadas --
-- Índice de textos --
-- Bibliografía.
590 ## - NOTA LOCAL (RLIN)
Nota local Inventariado, 2018/BT
650 #4 - PUNTO DE ACCESO ADICIONAL DE MATERIA--TÉRMINO DE MATERIA
Término de materia o nombre geográfico como elemento de entrada Español
Subdivisión general Gramática
-- Estudios y enseñanza
9 (RLIN) 1361
650 #4 - PUNTO DE ACCESO ADICIONAL DE MATERIA--TÉRMINO DE MATERIA
Término de materia o nombre geográfico como elemento de entrada Español
Subdivisión general Composición y ejercicios
9 (RLIN) 1362
650 #4 - PUNTO DE ACCESO ADICIONAL DE MATERIA--TÉRMINO DE MATERIA
Término de materia o nombre geográfico como elemento de entrada Español
Subdivisión general Morfosintaxis
9 (RLIN) 1363
650 #4 - PUNTO DE ACCESO ADICIONAL DE MATERIA--TÉRMINO DE MATERIA
Término de materia o nombre geográfico como elemento de entrada Español
Subdivisión general Sintaxis
9 (RLIN) 1364
650 #4 - PUNTO DE ACCESO ADICIONAL DE MATERIA--TÉRMINO DE MATERIA
Término de materia o nombre geográfico como elemento de entrada Español
Subdivisión general Morfología
9 (RLIN) 1365
700 12 - PUNTO DE ACCESO ADICIONAL--NOMBRE DE PERSONA
Nombre de persona Núñez, Rafael
9 (RLIN) 1366
700 12 - PUNTO DE ACCESO ADICIONAL--NOMBRE DE PERSONA
Nombre de persona Santos, Julio de los
9 (RLIN) 1367
910 ## - DATOS DE OPCIÓN DEL USUARIO (OCLC)
Datos de opción del usuario Validado. Control de calidad. MMOLINA
Holdings
Estado de retiro Estado de pérdida Restricciones de uso No para préstamo Código de colección Localización permanente Ubicación/localización actual Ubicación en estantería Fecha de adquisición Número de inventario Total de préstamos Signatura topográfica completa Código de barras Fecha visto por última vez Número de copia Precio válido a partir de Tipo de ítem Koha
      Préstamo en sala Dominicana de Servicio Biblioteca Nacional Pedro Henríquez Ureña Biblioteca Nacional Pedro Henríquez Ureña Depósito 09.07.2009 LF1   465 G216m, 2006 406-30 25.06.2020 e. 3 25.06.2020 Libros y folletos
      Préstamo en sala Dominicana de Servicio Biblioteca Nacional Pedro Henríquez Ureña Biblioteca Nacional Pedro Henríquez Ureña Depósito 09.07.2009 LF1   465 G216m, 2006 406-40 25.06.2020 e. 4 25.06.2020 Libros y folletos
      Préstamo en sala Dominicana de Servicio Biblioteca Nacional Pedro Henríquez Ureña Biblioteca Nacional Pedro Henríquez Ureña Depósito 09.07.2009 LF1   465 G216m, 2006 406-50 25.06.2020 e. 5 25.06.2020 Libros y folletos
      Préstamo restrigido Patrimonio Dominicano Biblioteca Nacional Pedro Henríquez Ureña Biblioteca Nacional Pedro Henríquez Ureña Depósito 09.07.2009 LF1   465 G216m, 2006 406-10 25.06.2020   25.06.2020 Libros y folletos
      Préstamo restrigido Patrimonio Dominicano Biblioteca Nacional Pedro Henríquez Ureña Biblioteca Nacional Pedro Henríquez Ureña Depósito 09.07.2009 LF1   465 G216m, 2006 406-20 25.06.2020 e. 2 25.06.2020 Libros y folletos

Powered by Koha